Responses for Show #5209 - Thursday, April 12, 2007

Contestants

[<< previous game]

Chris Dellicarpini, a screenwriter from South Huntington, New York

Jen Benedict, a grad student from Fredericksburg, Virginia

Karen Anderson, a private investigator from Half Moon Bay, California (whose 1-day cash winnings total $22,500)

[next game >>]

Jeopardy! Round responses

EYE ON ASIA
YOU'VE GOT COMPANY
TITLES OF PRINCE CHARLES
I FEEL "ILL"
THERE ARE NO SMALL PARTS
ONLY SMALL ACTORS
    $200 16
China

Jen
    $200 21
Nestlé

Chris
    $200 26
Wales

Jen
    $200 6
pill

Jen
    $200 11
rainbow

Chris
    $200 1
The Wizard of Oz

Karen
    $400 17
North & South Korea

Chris
    $400 22
lenses

Chris
    $400 27
Cornwall

Karen
    $400 7
gill

Karen
    $400 12
Space Shuttle

Chris
    $400 2
(Karen: Who is Mike Myers?)
...
(Alex: We're talking about small actors... [*] is the actor's name.)

Verne Troyer

Karen
Triple Stumper
    $600 18
(Jen: What is Pakistan?)

Kazakhstan

JenChris
    $600 23
Coca-Cola

Chris
    $600 28
(Alex: Sorry Karen, not quickly enough.)

Scotland

Triple Stumper
    $600 8
molehill

Jen
    $600 13
(Karen: What is Islam?)

Buddhism

KarenChris
    $600 3
Hervé Villechaize

Chris
    $800 19
(Karen: What is North America?)

Australia

KarenJen
    $800 24
Dixie

Karen
    $800 29
(Chris: What is Dillon?)
...
(Alex: [*] was the deputy, Dillon was the marshal.)

Chester

JenChris
    $800 9
frill

Jen
    $2,600 14
Statue of Liberty

Chris
    $800 4
Poltergeist

Chris
    $1000 20
Thailand

Jen
    $1000 25
Kia

Triple Stumper
    $1000 30
Robert the Bruce

Triple Stumper
    $1000 10
swill

Karen
    $1000 15
Lambert Glacier

Triple Stumper
    $1000 5
Elf

Jen

Scores at the first commercial break (after clue 15):

Karen Jen Chris
$600 $2,600 $5,200

Scores at the end of the Jeopardy! Round:

Karen Jen Chris
$1,000 $5,000 $6,600

Double Jeopardy! Round responses

19th CENTURY AMERICANS
THE THEATRE
WHAT THE "L" IS IT?
MONEY TALK
WRITING IN FICTION
3-LETTER WORDS
    $400 26
Poe

Chris
    $400 1
Salem (Massachusetts)

Jen
    $400 11
liniment

Karen
    $400 6
wampum

Karen
    $400 21
The Color Purple

Karen
    $400 16
hit

Chris
    $3,000 27
(Chris: What is... The Pointer Sisters?)
[Audience laughs]
(Alex: You're close! Who were [*]?)

the wives of Brigham Young

Chris
    $800 2
Charity

Chris
    $800 12
lanyards

Karen
    $800 7
California

Karen
    $3,000 22
Dracula

Karen
    $800 17
eye

Karen
    $1200 28
a duel

Chris
    $1200 3
(Jen: Who is Tristram Shandy?)

Sweeney Todd

JenChris
    $1200 13
lorry

Karen
    $1200 8
nouveau riche

Chris
    $1200 23
(Karen: Who is Dostoyevsky?)
(Chris: Who is Tolstoy?)

Nikolay Gogol

KarenChris
Triple Stumper
    $1200 18
(Jen: What is pin?)

set

JenChris
    $1600 29
Commodore Cornelius Vanderbilt

Triple Stumper
    $1600 4
came to dinner

Karen
    $1600 14
a limpet

Chris
    $1600 9
Dole

Karen
    $1600 24
Flowers for Algernon

Chris
    $1600 19
sod

Chris
    $2000 30
(Alex: And that was, supposedly Abraham Lincoln's first love, [*].)

Ann Rutledge

Triple Stumper
    $2000 5
Johnny Belinda

Karen
    $2000 15
lingonberries

Karen
    $2000 10
simple and compound interest

Chris
    $2000 25
Adrian Mole

Triple Stumper
    $2000 20
ram

Karen

Scores at the end of the Double Jeopardy! Round:

Karen Jen Chris
$16,800 $3,000 $15,600

[wagering suggestions for these scores]

Final Jeopardy! Round responses

GOVERNORS
(Alex: Yeah, I know. Which ones were in Congress? Which ones were governors? Well, two of the most famous governors were from this state.)
...
(Alex: [To Jen] We haven't been around long enough.)
...
(Alex: [To Chris] The two Roosevelts, Grover Cleveland, and Martin Van Buren.)
...
(Alex: [To Karen] And Karen is smiling. Why is that? Because she wrote down the right response, but did she risk enough? $100 only! No!)
JenWhat is California
$0
ChrisWhat is New York?
$9,599
KarenWhat is New York
$100
New York

Final scores:

Karen Jen Chris
$16,900 $3,000 $25,199
2nd place: $2,000 3rd place: $1,000 New champion: $25,199

Game dynamics:

Coryat scores:

Karen Jen Chris
$14,600 $3,000 $16,800
18 R
(including 1 DD),
4 W
10 R,
3 W
22 R
(including 1 DD),
3 W
(including 1 DD)

Combined Coryat: $34,400

[game clues] [game scores] [suggest correction]

Game tape date: 2007-01-30
The J! Archive is created by fans, for fans. Scraping, republication, monetization, and malicious use prohibited; this site may use cookies and collect identifying information. See terms. The Jeopardy! game show and all elements thereof, including but not limited to copyright and trademark thereto, are the property of Jeopardy Productions, Inc. and are protected under law. This website is not affiliated with, sponsored by, or operated by Jeopardy Productions, Inc. Join the discussion at JBoard.tv.